000 00497nam a2200157 a 4500
001 000035890
005 20200930074709.0
008 111115s1952 es 000 0 spa d
040 _aDO-SdBNP
_bspa
_cBNPHU
100 1 _aCesbron, Gilbert,
_d1913-1979
_939609
245 1 0 _aLes saints vont en enfer /
_cGilbert Cesbron.
260 _aParis :
_bTobert Laffont,
_c1952.
300 _a273 p. ;
_c17 cm.
590 _aPerteneció a la biblioteca personal de Juan Isidro Jimenes Grullón.
049 _aBNPD
999 _c35381
_d35381